Medellín : (Registro nro. 3672)

Detalles MARC
000 -LEADER
fixed length control field 01174nam a2200265Ia 4500
003 - CONTROL NUMBER IDENTIFIER
control field OSt
005 - DATE AND TIME OF LATEST TRANSACTION
control field 20200911105533.0
008 - FIXED-LENGTH DATA ELEMENTS--GENERAL INFORMATION
fixed length control field 191128s1992 ck ab gr 000 0dspa d
020 ## - INTERNATIONAL STANDARD BOOK NUMBER
International Standard Book Number 9586440176
040 ## - CATALOGING SOURCE
Original cataloging agency CO-JMCR
Transcribing agency CO-JMCR
041 0# - LANGUAGE CODE
Language code of text/sound track or separate title spa
082 04 - DEWEY DECIMAL CLASSIFICATION NUMBER
Classification number 364.157 /
Item number S161m
Edition number 23
100 1# - MAIN ENTRY--PERSONAL NAME
Personal name Salazar Jaramillo, Alonso,
Relator term autor
9 (RLIN) 10155
245 10 - TITLE STATEMENT
Title Medellín :
Remainder of title las subculturas del narcotráfico /
Statement of responsibility, etc. Alonso Salazar J. y Ana María Jaramillo
260 ## - PUBLICATION, DISTRIBUTION, ETC.
Place of publication, distribution, etc. Bogotá :
Name of publisher, distributor, etc. Cinep,
Date of publication, distribution, etc. 1992
300 ## - PHYSICAL DESCRIPTION
Extent 168 Páginas :
Other physical details 1 mapa plegable ;
Dimensions 24 cm.
490 0# - SERIES STATEMENT
Series statement Colección sociedad y conflicto
500 ## - GENERAL NOTE
General note Incluye datos biográficos del autor en solapa.
504 ## - BIBLIOGRAPHY, ETC. NOTE
Bibliography, etc. note Bibliografía: páginas 159-161
505 0# - FORMATTED CONTENTS NOTE
Formatted contents note Agradecimientos -- Presentación -- Medellín en el siglo XX -- Asentamiento del narcotráfico: Traquetos y pistolocos -- La vida pública del narcotráfico -- La guerra -- El conflicto total -- La cultura : Nuevo espacio de reflexión -- Las bandas juveniles
650 14 - SUBJECT ADDED ENTRY--TOPICAL TERM
Topical term or geographic name entry element Narcotráfico
Geographic subdivision Medellín (Colombia)
9 (RLIN) 10156
650 14 - SUBJECT ADDED ENTRY--TOPICAL TERM
Topical term or geographic name entry element Crimen organizado
Geographic subdivision Medellín (Colombia)
9 (RLIN) 10157
700 1# - ADDED ENTRY--PERSONAL NAME
Personal name Jaramillo, Ana María,
Relator term autora
9 (RLIN) 2827
942 ## - ADDED ENTRY ELEMENTS (KOHA)
Source of classification or shelving scheme Dewey Decimal Classification
Koha item type Books
Existencias
Withdrawn status Lost status Source of classification or shelving scheme Damaged status Not for loan Collection code Home library Current library Date acquired Source of acquisition Full call number Barcode Date last seen Copy number Koha item type Public note
    Dewey Decimal Classification     Non-fiction Biblioteca Pública José María del Castillo y Rada Biblioteca Pública José María del Castillo y Rada 07/23/2018 Donación 364.157 / S161m 201807568 05/16/2024 Ej.1 Books Exlibris : Puala Acosta